000
00304nam a2200133Ia 4500
008
231129s1972||||xx |||||||||||||| ||spa||
040
_b
spa
082
_a
751.422 B433f
100
_a
Bell John G.
245
0
_a
Figura y retrato en acuarela
260
_c
1972
264
_a
L.E.D.A.
942
_2
ddc
_c
BKS
999
_c
13934
_d
13934